Các bài toán tối ưu trên mạng

Sparad:
Bibliografiska uppgifter
Huvudupphovsman: Trần Quốc Chiến PGS.TSKH (Chủ nhiệm đề tài)
Materialtyp: Bok
Publicerad: 2006
Taggar: Lägg till en tagg
Inga taggar, Lägg till första taggen!
Thư viện lưu trữ: Mạng thư viện Đại học Đà Nẵng
LEADER 00676nam a2200229 4500
001 000020489
003 16935
005 20150320140315.0
008 150320s2006 sd
100 1 |a Trần Quốc Chiến  |c PGS.TSKH  |e Chủ nhiệm đề tài 
245 1 0 |a Các bài toán tối ưu trên mạng  |c Trần Quốc Chiến 
260 |c 2006 
500 |a Đề tài NCKH cấp Bộ . Mã số : B2006-03-02 
OWN |a LSP 
999 |a From the UDN01 
TYP |a Mixed Materials 
TYP |a Monograph 
TYP |a Printed language 
980 |a Mạng thư viện Đại học Đà Nẵng